00748 a2200181 4500010001400000020001100014035001300025037001600038082000800054090001500062245011600077260004100193270012500234300003500359942002300394999001500417952013400432 aENG-88828 c124.00 aEN-72361 bDBAD / PUB14a574 c9456d94561 aDisha's 20 years CBSE-PMT topic wise solved papers1988-2007- biology:bultimate book for step by step learning/ aNew DelhibDisha Publicationscn.d. aB-32, Basemant, Shivalik Main Road, Malviya Nagar,bNew Delhie110 017maiets@rediffmail.comk011-26691021, 011-26691713 avarious pagingsc24 cm. (Pbk). adplcENk574 / DIS c9283d9283 00102ddc40718NFICaDBADbDBADeDBAD/PUBg124.00l0o574 DISpEN-72361 r2008-09-15 00:00:00t1u10349v124.00w2008-09-15yEN